000 00844cam a2200277 4500
001 J3162
008 090401t1995 xxu||||| |||| 00| 0 eng d
035 _a(Sirsi) u53469
041 _aeng
050 _a338.4779
110 _aPannell Kerr Forster
_9232
245 _aOutlook in the hotel and tourism industries:a statistical report: United Kingdom trends 1995 edition.
260 _aLondon
_bPannell Kerr Forster
_c1995
300 _a48p. ; 30cm.
350 _a250
520 _aSponsored by Robert Barry & Co. who contribute an article on the UK hotel property market.
650 _aHOTEL PERFORMANCE
650 _aHOTELS
650 _aOCCUPANCY STATISTICS
650 _aPROPERTY MARKET
650 _aTOURISM
690 _aLEISURE AND RECREATION
710 _aRobert Barry and Co
_9547
942 _n0
948 _c04/03/1997
999 _c93275
_d93275